000
00285nam a22000857a 4500
008
161124b xxu||||| |||| 00| 0 eng d
100
_9
1392
_a
CBSE
245
_a
Sample Question papers : Economoics, Business Studies, Accountancy and mathamatics
260
_a
New delhi
_b
National book trust
_c
2007
999
_c
4108
_d
4108